00375nam a2200145Ia 4500008004100000020001400041041000800055082001800063100002300081245004900104250000600153260005300159300000800212650000900220210716s1986 xx 000 0 und d a876923864 aeng a005.3001 CHRJ aChristensen, Jane. aWord processing simplified and self taught. a1 aNew DelhibPrentice Hall of India PVt Ltd.c1986 a120 aNone